[Event "Niedersachsen-ch op-D"]
[Site "Verden"]
[Date "2017.01.07"]
[Round "6"]
[White "Kumas, Alina"]
[Black "Zimmermann, Bennet"]
[Result "0-1"]
[WhiteElo "845"]
[BlackElo "1068"]
[PlyCount "142"]
[EventDate "2017.01.05"]
[EventType "swiss"]
[EventRounds "7"]
[EventCountry "GER"]
[SourceTitle "CBM 187 Extra"]
[Source "ChessBase"]
[SourceDate "2018.11.04"]
[SourceVersion "1"]
[SourceVersionDate "2018.11.04"]
[SourceQuality "1"]

1. e4 e5 2. Nf3 Nc6 3. Bb5 Nf6 4. 0-0 Nxe4 5. Re1 Nf6 6. Nxe5 Nxe5 7. Rxe5+ Be7 8. Nc3 0-0 9. d4 d6 10. Re1 c6 11. Bd3 d5 12. Bg5 Be6 13. Bxf6 Bxf6 14. Qf3 Re8 15. Qh5 g6 16. Qf3 Bxd4 17. Rab1 Bg7 18. Na4 Kh8 19. Re2 Qa5 20. b3 Kg8 21. Qf4 Qd8 22. Rbe1 Qf6 23. Qxf6 Bxf6 24. Nc5 Bc3 25. Nxe6 Bxe1 26. Nc7 Rxe2 27. Bxe2 Rc8 28. Ne6 fxe6 29. Kf1 Bc3 30. Bg4 Kf7 31. f4 b5 32. a4 a6 33. Ke2 b4 34. Ke3 a5 35. Bh3 h5 36. g4 hxg4 37. Bxg4 Rh8 38. h3 Kf6 39. Kf3 Bd2 40. Kg3 Re8 41. h4 Be1+ 42. Kf3 e5 43. h5 gxh5 44. Bxh5 Re7 45. Bg4 exf4 46. Kxf4 c5 47. Bf3 d4 48. Bd5 Bd2+ 49. Kf3 Kg5 50. Kf2 Re3 51. Bc4 Kf4 52. Be2 Rg3 53. Kf1 Be3 54. c4 dxc3 55. Bd1 c2 56. Bxc2 Rg1+ 57. Ke2 Rg2+ 58. Kd3 Rd2+ 59. Kc4 Rxc2+ 60. Kd3 Rc3+ 61. Ke2 Rxb3 62. Kd1 c4 63. Kc2 Ra3 64. Kb1 Rxa4 65. Kb2 c3+ 66. Kb1 Bd4 67. Kc1 Ra2 68. Kb1 b3 69. Kc1 b2+ 70. Kd1 Ra1+ 71. Kc2 b1Q# 0-1

[Event "Niedersachsen-ch op-D"]
[Site "Verden"]
[Date "2017.01.07"]
[Round "5"]
[White "Zimmermann, Bennet"]
[Black "Zweigait, Leon"]
[Result "0-1"]
[WhiteElo "1068"]
[BlackElo "1474"]
[PlyCount "118"]
[EventDate "2017.01.05"]
[EventType "swiss"]
[EventRounds "7"]
[EventCountry "GER"]
[SourceTitle "CBM 187 Extra"]
[Source "ChessBase"]
[SourceDate "2018.11.04"]
[SourceVersion "1"]
[SourceVersionDate "2018.11.04"]
[SourceQuality "1"]

1. e4 d5 2. exd5 Qxd5 3. Nc3 Qe5+ 4. Qe2 Qxe2+ 5. Bxe2 Bf5 6. d3 Nc6 7. Nf3 Nf6 8. 0-0 g6 9. Bg5 Bg7 10. Rac1 0-0 11. d4 Rad8 12. Nb5 Ne8 13. Rfe1 a6 14. Nc3 Nf6 15. Red1 Ne4 16. Be3 Nb4 17. a3 Nxc3 18. axb4 Nxe2+ 19. Kh1 Nxc1 20. Rxc1 Bg4 21. Bg5 f6 22. Be3 e5 23. dxe5 Bxf3 24. exf6 Bxg2+ 25. Kxg2 Rxf6 26. Bg5 Rd2 27. Bxd2 Rd6 28. Bc3 Bxc3 29. bxc3 Rc6 30. Rb1 Rxc3 31. Rb2 Kf7 32. f3 Ke6 33. Kg3 Rc4 34. Kf2 Kd5 35. Ke3 Rc3+ 36. Kf4 h6 37. h4 Rc4+ 38. Kg3 Kc6 39. f4 h5 40. Kf3 Kb5 41. Ke3 Rxb4 42. Ra2 a5 43. Ra1 Kc4 44. c3 Kxc3 45. Rc1+ Kb2 46. Rxc7 a4 47. Rd7 a3 48. Rd2+ Kc1 49. Rg2 Rb2 50. Rxg6 a2 51. Rg1+ Kc2 52. f5 Rb1 53. Rg2+ Kb3 54. f6 a1Q 55. f7 Qa7+ 56. Kd3 Rd1+ 57. Ke2 Rd8 58. Rg8 Qa6+ 59. Ke3 Qf6 0-1

[Event "Niedersachsen-ch op-D"]
[Site "Verden"]
[Date "2017.01.06"]
[Round "4"]
[White "Zimmermann, Bennet"]
[Black "Fink, Moritz"]
[Result "1-0"]
[WhiteElo "1068"]
[BlackElo "850"]
[PlyCount "113"]
[EventDate "2017.01.05"]
[EventType "swiss"]
[EventRounds "7"]
[EventCountry "GER"]
[SourceTitle "CBM 187 Extra"]
[Source "ChessBase"]
[SourceDate "2018.11.04"]
[SourceVersion "1"]
[SourceVersionDate "2018.11.04"]
[SourceQuality "1"]

1. e4 e5 2. Nf3 Nc6 3. Nc3 Bc5 4. Nxe5 Nxe5 5. d4 Bb4 6. dxe5 f6 7. exf6 Nxf6 8. Bd2 Bxc3 9. Bxc3 Nxe4 10. Qe2 Qe7 11. Bxg7 Qxg7 12. Qxe4+ Kd8 13. 0-0-0 d6 14. Qd4 Qxd4 15. Rxd4 Be6 16. Be2 Kd7 17. Rhd1 a6 18. Bf3 Raf8 19. R4d2 b6 20. Bb7 a5 21. Re1 Bxa2 22. b3 a4 23. Kb2 axb3 24. cxb3 Bxb3 25. Kxb3 c6 26. Rc1 Kc7 27. Bxc6 Rf6 28. g3 Rhf8 29. f4 Rh6 30. h3 Kb8 31. h4 Rg8 32. Rc3 b5 33. Bxb5 d5 34. Rxd5 Re6 35. Rdd3 Re1 36. Re3 Rb1+ 37. Ka4 Rg7 38. Rb3 Ra1+ 39. Kb4 Rb7 40. Re8+ Ka7 41. Rd8 Rb6 42. Rd7+ Kb8 43. Rxh7 Rd1 44. Rh5 Rg6 45. Rg5 Rgd6 46. f5 Rf6 47. Ka3 Kc7 48. Rg7+ Kd8 49. Rg5 Ke7 50. Re3+ Kd6 51. Rd3+ Rxd3+ 52. Bxd3 Ke5 53. Kb4 Kd4 54. Bb1 Ke3 55. Rg6 Rb6+ 56. Rxb6 Kf3 57. Rg6 1-0

[Event "GER-chT U10"]
[Site "Magdeburg"]
[Date "2015.12.29"]
[Round "7.3"]
[White "Zimmermann, Bennet"]
[Black "Augustin, Elias"]
[Result "0-1"]
[WhiteElo "926"]
[BlackElo "846"]
[PlyCount "43"]
[EventDate "2015.12.27"]
[EventType "team-swiss"]
[EventRounds "7"]
[EventCountry "GER"]
[SourceTitle "EXT 2017"]
[Source "ChessBase"]
[SourceDate "2016.10.25"]
[SourceVersion "1"]
[SourceVersionDate "2016.10.25"]
[SourceQuality "1"]
[WhiteTeam "Goettingen Rochade"]
[BlackTeam "Oberland"]
[WhiteTeamCountry "GER"]
[BlackTeamCountry "GER"]

1. e4 e5 2. Nf3 Nc6 3. Nc3 Nf6 4. Bb5 Bb4 5. Nd5 Nxd5 6. exd5 a6 7. Ba4 Nd4 8. a3 Ba5 9. 0-0 0-0 10. b4 b5 11. bxa5 bxa4 12. d3 Bb7 13. c4 c6 14. dxc6 Bxc6 15. Nxd4 exd4 16. Qg4 Qf6 17. Bg5 Qg6 18. h3 h5 19. Qg3 Rab8 20. Be7 Qxg3 21. fxg3 Rfe8 22. Bc5 0-1

[Event "GER-chT U10"]
[Site "Magdeburg"]
[Date "2015.12.28"]
[Round "5.3"]
[White "Maul, Maik Joel"]
[Black "Zimmermann, Bennet"]
[Result "0-1"]
[WhiteElo "1066"]
[BlackElo "926"]
[PlyCount "62"]
[EventDate "2015.12.27"]
[EventType "team-swiss"]
[EventRounds "7"]
[EventCountry "GER"]
[SourceTitle "EXT 2017"]
[Source "ChessBase"]
[SourceDate "2016.10.25"]
[SourceVersion "1"]
[SourceVersionDate "2016.10.25"]
[SourceQuality "1"]
[WhiteTeam "Hagen"]
[BlackTeam "Goettingen Rochade"]
[WhiteTeamCountry "GER"]
[BlackTeamCountry "GER"]

1. e4 e5 2. Bc4 Nf6 3. Nf3 Nc6 4. Nc3 Nxe4 5. Nxe4 d5 6. Bxd5 Qxd5 7. Nc3 Qd7 8. 0-0 Bd6 9. Re1 0-0 10. d4 exd4 11. Nxd4 Nxd4 12. Qxd4 Bxh2+ 13. Kxh2 Qxd4 14. Be3 Qd6+ 15. Kg1 Re8 16. Rad1 Qg6 17. Bg5 Rxe1+ 18. Rxe1 h6 19. Bd8 Bh3 20. Re8+ Kh7 21. g3 f6 22. Rf8 Qxc2 23. Nd5 Qf5 24. Ne7 Qf3 25. Rh8+ Kxh8 26. Ng6+ Kg8 27. Nh4 Qd1+ 28. Kh2 Qf1 29. Bxc7 g5 30. f4 gxh4 31. g4 Qg2# 0-1

[Event "GER-chT U10"]
[Site "Magdeburg"]
[Date "2015.12.27"]
[Round "1.3"]
[White "Lesser, Luan"]
[Black "Zimmermann, Bennet"]
[Result "1-0"]
[WhiteElo "800"]
[BlackElo "926"]
[PlyCount "56"]
[EventDate "2015.12.27"]
[EventType "team-swiss"]
[EventRounds "7"]
[EventCountry "GER"]
[SourceTitle "EXT 2017"]
[Source "ChessBase"]
[SourceDate "2016.10.25"]
[SourceVersion "1"]
[SourceVersionDate "2016.10.25"]
[SourceQuality "1"]
[WhiteTeam "Goettingen Rochade II"]
[BlackTeam "Goettingen Rochade"]
[WhiteTeamCountry "GER"]
[BlackTeamCountry "GER"]

1. e4 e5 2. Nf3 Nc6 3. Nc3 Nf6 4. Bb5 Nd4 5. Bc4 Bc5 6. 0-0 0-0 7. Nxd4 exd4 8. Nd5 Nxe4 9. Bd3 Nf6 10. Nxf6+ Qxf6 11. Qh5 h6 12. Qxc5 d6 13. Qxc7 Qg5 14. g3 Bh3 15. Re1 Rfe8 16. Be4 d5 17. d3 Qg4 18. f3 Qh5 19. b4 Qe5 20. Bh7+ Kxh7 21. Rxe5 Rxe5 22. Qxe5 f6 23. Qh5 Bg4 24. fxg4 Rc8 25. Qf5+ g6 26. Qxc8 g5 27. c3 dxc3 28. Qxc3 Kg6 1-0

[Event "GER-chT U10"]
[Site "Magdeburg"]
[Date "2015.12.27"]
[Round "2.3"]
[White "Zimmermann, Bennet"]
[Black "Soehlke, Arno"]
[Result "1-0"]
[WhiteElo "926"]
[BlackElo "901"]
[PlyCount "71"]
[EventDate "2015.12.27"]
[EventType "team-swiss"]
[EventRounds "7"]
[EventCountry "GER"]
[SourceTitle "EXT 2017"]
[Source "ChessBase"]
[SourceDate "2016.10.25"]
[SourceVersion "1"]
[SourceVersionDate "2016.10.25"]
[SourceQuality "1"]
[WhiteTeam "Goettingen Rochade"]
[BlackTeam "Berlin Nord Ost II"]
[WhiteTeamCountry "GER"]
[BlackTeamCountry "GER"]

1. e4 c6 2. Nc3 d5 3. exd5 cxd5 4. d4 Bf5 5. Nf3 Nf6 6. Bb5+ Nc6 7. Ne5 Rc8 8. 0-0 a6 9. Nxc6 bxc6 10. Ba4 e6 11. Bf4 Qa5 12. Re1 Ne4 13. Nxe4 Bxe4 14. Bb3 Bb4 15. Rf1 c5 16. dxc5 Rxc5 17. Be3 Rc6 18. a3 Bc5 19. Bd2 Qb6 20. Ba4 0-0 21. Bxc6 Qxc6 22. b4 Bd4 23. c3 Bxc3 24. Bxc3 Qxc3 25. Qc1 Qf6 26. Qc6 Qg6 27. f3 Bd3 28. Rfe1 Qf6 29. Qc1 Bb5 30. a4 Bd7 31. Qb1 Rb8 32. Ra2 a5 33. bxa5 Rxb1 34. Rxb1 Qd4+ 35. Kh1 Bc6 36. Rb8+ 1-0